[Event "Elit(Vaxjo-Wasa)"]
[Site "?"]
[Date "2025.03.08"]
[Round "8"]
[White "Solodovnichenko, Yuri"]
[Black "Cramling, Pia"]
[Result "0-1"]
[WhiteElo "2511"]
[BlackElo "2416"]
[PlyCount "138"]
[SourceVersionDate "2025.03.29"]

1. e4 c5 2. Nf3 Nc6 3. Bb5 e6 4. O-O Nge7 5. d4 cxd4 6. Nxd4 Ng6 7. Be3 Be7 8. c3 O-O 9. Nd2 a6 10. Bd3 Qc7 11. a4 Nge5 12. Be2 d5 13. f4 Nxd4 14. cxd4 Nc6 15. e5 Bd7 16. Nb3 Rac8 17. Rf3 f5 18. exf6 Bxf6 19. Rc1 Be8 20. Rf1 Bg6 21. Nc5 Qf7 22. Qd2 a5 23. g4 b6 24. Nb3 Nb4 25. Rxc8 Rxc8 26. Rc1 Rc7 27. Bb5 Bd8 28. Qe2 Be4 29. Rc3 Na2 30. Rxc7 Bxc7 31. Nd2 Nb4 32. Nxe4 dxe4 33. f5 Nd5 34. Bc4 Kh8 35. fxe6 Qxe6 36. h3 Qd6 37. Bxd5 Qxd5 38. Qa6 Bd8 39. Qc8 g6 40. b3 Kg7 41. Kg2 Qf7 42. Kg1 Qd5 43. Bf2 h5 44. Qc4 Qd7 45. Qe2 hxg4 46. hxg4 Qe6 47. Kf1 Bg5 48. Qd1 e3 49. Bg1 Qd5 50. Ke2 Qe4 51. Kf1 Kf7 52. d5 Ke7 53. Qe2 Qb1+ 54. Kg2 Qxb3 55. Qf3 Qc2+ 56. Kh3 e2 57. Bf2 Qd1 58. Qe4+ Kf8 59. Qf3+ Kg8 60. d6 Qf1+ 61. Kh2 e1=Q 62. Qd5+ Kg7 63. Bxe1 Bf4+ 64. Bg3 Qf2+ 65. Kh1 Qxg3 66. Qb7+ Kh6 67. g5+ Qxg5 68. d7 Qg3 69. d8=Q Qh2# 0-1

[Event "Elit(Rockaden, Stockholm-Limhamn)"]
[Site "?"]
[Date "2025.03.08"]
[Round "8"]
[White "Seo, Jung Min"]
[Black "Brynell, Stellan"]
[Result "1/2-1/2"]
[WhiteElo "2491"]
[BlackElo "2380"]
[PlyCount "84"]
[SourceVersionDate "2025.03.29"]

1. e4 e5 2. Nf3 Nf6 3. d4 Nxe4 4. Bd3 d5 5. dxe5 Nc5 6. Be2 Ne6 7. O-O Be7 8. Re1 O-O 9. Nbd2 c5 10. Nf1 Nc6 11. Ng3 Re8 12. c3 Nf8 13. h3 Ng6 14. Bd3 Be6 15. Nh5 Qc7 16. Qd2 Bf8 17. Qg5 Rad8 18. Nf4 Nxf4 19. Bxf4 h6 20. Qg3 Kh8 21. Be3 a6 22. a3 Qd7 23. Qf4 a5 24. Rad1 Qc7 25. Kh1 c4 26. Bc2 b5 27. Nd4 Nxd4 28. Qxd4 Qd7 29. g4 b4 30. axb4 axb4 31. f4 b3 32. Bb1 Qc6 33. Kh2 Bc8 34. Bf2 Bb7 35. f5 f6 36. exf6 Qxf6 37. Kg1 Bd6 38. Qxf6 gxf6 39. Bd4 Be5 40. Bb6 Ra8 41. Kf2 Kg7 42. Be3 Bc6 1/2-1/2

[Event "Elit(Eksjo-Stockholms SS)"]
[Site "?"]
[Date "2025.03.07"]
[Round "7"]
[White "Olund, Joar"]
[Black "Vernersson, Per"]
[Result "1-0"]
[WhiteElo "2357"]
[BlackElo "2262"]
[PlyCount "57"]
[SourceVersionDate "2025.03.23"]

1. d4 d5 2. Nf3 Nf6 3. Bf4 g6 4. e3 Bg7 5. c4 O-O 6. Nc3 c6 7. h3 dxc4 8. Bxc4 Nd5 9. Bg3 Nxc3 10. bxc3 c5 11. O-O Nc6 12. d5 Na5 13. Be2 e6 14. e4 b6 15. Rc1 exd5 16. exd5 Bf5 17. Qd2 c4 18. d6 Re8 19. Rfe1 Qd7 20. Rcd1 a6 21. Nd4 Bd3 22. Bxd3 cxd3 23. Qxd3 b5 24. Nb3 Nc4 25. Rxe8+ Rxe8 26. Nc5 Qc6 27. Qd5 Re1+ 28. Kh2 Qxd5 29. Rxd5 1-0

[Event "Elit(Kristallen-LASK)"]
[Site "?"]
[Date "2025.03.07"]
[Round "7"]
[White "Pantzar, Milton"]
[Black "Ljung, Harald"]
[Result "0-1"]
[WhiteElo "2452"]
[BlackElo "2173"]
[PlyCount "68"]
[SourceVersionDate "2025.03.25"]

1. Nf3 d5 2. b3 Nf6 3. Bb2 e6 4. c4 Be7 5. g3 O-O 6. Bg2 c6 7. O-O Nbd7 8. Nc3 b6 9. Rc1 a5 10. cxd5 cxd5 11. Nb5 Bb7 12. d4 Ne4 13. Nd2 Nxd2 14. Qxd2 a4 15. Rc2 Ra5 16. Nc3 b5 17. Rb1 Qa8 18. Bc1 axb3 19. axb3 Nb6 20. e3 Rc8 21. Bf1 b4 22. Ne2 Nc4 23. bxc4 dxc4 24. Rxb4 c3 25. Rxc3 Bxb4 26. Rxc8+ Qxc8 27. Qxb4 Qc6 28. f3 Ra2 29. Ba3 h6 30. e4 Ba6 31. Nc1 Rc2 32. Nd3 Ra2 33. Qf8+ Kh7 34. Qc5 Qa4 0-1

[Event "Elit(Eksjo-Stockholms SS)"]
[Site "?"]
[Date "2025.03.07"]
[Round "7"]
[White "Malesevic, Nedeljko"]
[Black "Thorn, Eric"]
[Result "1/2-1/2"]
[WhiteElo "2219"]
[BlackElo "2345"]
[PlyCount "81"]
[SourceVersionDate "2025.03.24"]

1. d4 Nf6 2. c4 e6 3. Nf3 d5 4. cxd5 exd5 5. Bg5 h6 6. Bf4 g5 7. Bd2 c6 8. e3 Bf5 9. h4 g4 10. Ne5 Nbd7 11. Bd3 Be6 12. Nxd7 Qxd7 13. Nc3 Bf5 14. Qc2 Bxd3 15. Qxd3 Bg7 16. f3 Nh5 17. Ne2 gxf3 18. gxf3 f5 19. O-O-O O-O-O 20. Rdg1 Bf6 21. Be1 Rhg8 22. Ng3 Nxg3 23. Bxg3 Qe6 24. Kb1 h5 25. Qa3 a6 26. Bf4 Be7 27. Qd3 Rde8 28. a3 Bd8 29. Be5 Bc7 30. Rg5 Bxe5 31. dxe5 Qxe5 32. f4 Qe4 33. Qxe4 fxe4 34. Rhg1 Rgf8 35. Rxh5 d4 36. Rh7 dxe3 37. Rgg7 e2 38. Rc7+ Kb8 39. Rxb7+ Ka8 40. Ra7+ Kb8 41. Rhb7+ 1/2-1/2

[Event "Elit(Kristallen-LASK)"]
[Site "?"]
[Date "2025.03.07"]
[Round "7"]
[White "Ostling, Hakan"]
[Black "Mauritsson, Sebastian"]
[Result "0-1"]
[WhiteElo "2140"]
[BlackElo "2391"]
[PlyCount "78"]
[SourceVersionDate "2025.03.25"]

1. f4 d5 2. Nf3 g6 3. g3 Bg7 4. Bg2 Nf6 5. O-O O-O 6. d3 Re8 7. Nc3 d4 8. Nb5 c5 9. a4 Nc6 10. e4 dxe3 11. Bxe3 Ng4 12. Bxc5 b6 13. Ne5 Ncxe5 14. fxe5 Rb8 15. Bf2 Nxe5 16. h3 Bb7 17. Be3 Qd7 18. Qe2 h5 19. Bf4 Bxg2 20. Kxg2 Rbc8 21. Rf2 Nc6 22. c3 e5 23. Bg5 a6 24. Na3 Qd5+ 25. Qe4 Qe6 26. Qc4 Na5 27. Qxa6 Qd5+ 28. Kh2 e4 29. dxe4 Qxg5 30. Qxb6 Be5 31. Rg1 h4 32. Re2 Rb8 33. Qa6 Bxg3+ 34. Kh1 Re6 35. Qa7 Nc6 36. Qd7 Ne5 37. Qa7 Rd8 38. Nb1 Qh5 39. Reg2 Qf3 0-1

[Event "Elit(Eksjo-Stockholms SS)"]
[Site "?"]
[Date "2025.03.07"]
[Round "7"]
[White "Cederstam, Carl"]
[Black "Thornert, Hakan"]
[Result "1-0"]
[WhiteElo "2301"]
[BlackElo "2169"]
[PlyCount "85"]
[SourceVersionDate "2025.03.24"]

1. e4 c5 2. Nf3 d6 3. d4 cxd4 4. Nxd4 Nf6 5. Nc3 g6 6. Be3 Bg7 7. f3 Nc6 8. Qd2 O-O 9. O-O-O d5 10. exd5 Nxd5 11. Nxc6 bxc6 12. Bd4 Bxd4 13. Qxd4 Qb6 14. Qe5 Be6 15. h4 Qe3+ 16. Qxe3 Nxe3 17. Re1 Nxf1 18. Rhxf1 Rfd8 19. Re5 Rd6 20. Ra5 Kf8 21. Re1 h5 22. Re4 Bd5 23. Rea4 Rd7 24. Ne2 e5 25. Ra6 Rc7 26. Nc3 Ke7 27. R4a5 Rd7 28. b3 f6 29. Rc5 Rd6 30. b4 Ke6 31. b5 Rad8 32. bxc6 Rc8 33. Nxd5 Rxd5 34. c7+ Rd6 35. Rcc6 Rxc6 36. Rxc6+ Kd5 37. Rxf6 Rxc7 38. Rxg6 Rc4 39. Ra6 Rxh4 40. Rxa7 Rh1+ 41. Kb2 Rg1 42. Rg7 Kd4 43. Rg5 1-0

[Event "Elit(Kristallen-LASK)"]
[Site "?"]
[Date "2025.03.07"]
[Round "7"]
[White "Sjodahl, Pontus"]
[Black "Naslund, Mikael"]
[Result "1/2-1/2"]
[WhiteElo "2430"]
[BlackElo "2129"]
[PlyCount "80"]
[SourceVersionDate "2025.03.25"]

1. d4 Nf6 2. c4 e6 3. Nc3 d5 4. cxd5 exd5 5. Bg5 Be7 6. e3 c6 7. Qc2 Nbd7 8. Bd3 O-O 9. h3 Re8 10. Nf3 Nf8 11. O-O h6 12. Bf4 Ne6 13. Bg3 Bd6 14. Ne5 c5 15. Nb5 Bf8 16. dxc5 Bxc5 17. Rfd1 a6 18. Nc3 d4 19. Bc4 Qe7 20. Bxe6 Bxe6 21. exd4 Bd6 22. d5 Bxh3 23. Re1 Qc7 24. gxh3 Bxe5 25. Qd3 Bxg3 26. Qxg3 Qd7 27. Rxe8+ Rxe8 28. Rd1 Ne4 29. Nxe4 Rxe4 30. d6 Re6 31. Qd3 Rg6+ 32. Kh2 Rf6 33. Qg3 Rg6 34. Qd3 Rf6 35. Rd2 Rg6 36. Qd5 Rf6 37. Qd3 Rg6 38. Qd5 Rf6 39. Qd3 Rg6 40. Qd5 Rf6 1/2-1/2

[Event "Elit(Eksjo-Stockholms SS)"]
[Site "?"]
[Date "2025.03.07"]
[Round "7"]
[White "Krantz, Christopher"]
[Black "Renman, Nils-Gustaf"]
[Result "1-0"]
[WhiteElo "2219"]
[BlackElo "2306"]
[PlyCount "95"]
[SourceVersionDate "2025.03.24"]

1. e4 e6 2. d4 d5 3. e5 c5 4. c3 Nc6 5. Nf3 Qb6 6. Bd3 cxd4 7. O-O Bd7 8. Re1 Nge7 9. h4 h6 10. h5 Rc8 11. Nbd2 dxc3 12. bxc3 Na5 13. Rb1 Qc7 14. Ba3 Nec6 15. Bxf8 Kxf8 16. Qe2 a6 17. Nb3 Ke7 18. Qe3 Nxb3 19. axb3 Nb8 20. Rbc1 Qc5 21. Qf4 Rhd8 22. g4 Bb5 23. Bb1 Nd7 24. g5 Rh8 25. g6 fxg6 26. Bxg6 Kd8 27. Nd4 Qe7 28. Qg4 Nf8 29. f4 Bd7 30. c4 dxc4 31. bxc4 Nxg6 32. hxg6 h5 33. Qh3 Rh6 34. f5 exf5 35. e6 Rxg6+ 36. Kh1 Bc6+ 37. Nxc6+ Rxc6 38. Rcd1+ Rd6 39. Rxd6+ Qxd6 40. e7+ Ke8 41. Qxf5 Qc6+ 42. Re4 Qxe4+ 43. Qxe4 Rc6 44. Qe5 Rxc4 45. Qxh5+ g6 46. Qd5 Rc1+ 47. Kg2 Rc8 48. Qg8+ 1-0

[Event "Elit(Kristallen-LASK)"]
[Site "?"]
[Date "2025.03.07"]
[Round "7"]
[White "Gamback, Bjorn"]
[Black "Dragicevic, Drazen"]
[Result "0-1"]
[WhiteElo "2007"]
[BlackElo "2332"]
[PlyCount "98"]
[SourceVersionDate "2025.03.25"]

1. e4 c5 2. c3 b6 3. d4 Bb7 4. d5 Nf6 5. Qc2 g6 6. Be2 Bg7 7. Nf3 O-O 8. O-O e6 9. c4 exd5 10. exd5 d6 11. Nc3 Na6 12. Bf4 Nh5 13. Bg5 Qd7 14. Nd2 h6 15. Be3 Nf6 16. Nde4 Nxe4 17. Nxe4 f5 18. Nc3 Rae8 19. Rae1 Nc7 20. Qc1 Kh7 21. Bd3 Qf7 22. Ne2 b5 23. b3 b4 24. Kh1 a5 25. a4 Re7 26. Qb1 Kh8 27. Bd2 Rfe8 28. Ng1 Rxe1 29. Rxe1 Rxe1 30. Qxe1 Nxd5 31. cxd5 Bxd5 32. Qc1 Kh7 33. Bb5 Bxb3 34. Bf4 Qd5 35. Qe3 c4 36. Qe2 c3 37. Bd3 Bxa4 38. Nf3 b3 39. Bc4 Qe4 40. Qxe4 fxe4 41. Ne1 b2 42. Ba2 c2 43. Nxc2 Bxc2 44. Bxd6 b1=Q+ 45. Bxb1 Bxb1 46. Ba3 Kg8 47. Kg1 Bf8 48. Bb2 a4 49. Kf1 a3 0-1

[Event "Elit(Vaxjö-SS 4 Springare)"]
[Site "?"]
[Date "2025.03.07"]
[Round "7"]
[White "Kazakouski, Valery"]
[Black "Solodovnichenko, Yuri"]
[Result "1-0"]
[WhiteElo "2562"]
[BlackElo "2511"]
[PlyCount "75"]
[SourceVersionDate "2025.03.15"]

1. e4 c5 2. Nf3 d6 3. d4 Nf6 4. Nc3 cxd4 5. Nxd4 e6 6. g4 h6 7. Rg1 Nc6 8. Be3 Be7 9. Qd2 Nxd4 10. Qxd4 e5 11. Bb5+ Kf8 12. Qd1 Be6 13. Qf3 Rc8 14. Bd3 d5 15. exd5 Nxd5 16. Nxd5 Bxd5 17. Be4 Qa5+ 18. Bd2 Bxe4 19. Qxe4 Qa6 20. Rg3 Qc6 21. Qxc6 Rxc6 22. O-O-O f6 23. Rd3 Rd6 24. Rxd6 Bxd6 25. Bb4 Bxb4 26. Rd8+ Kf7 27. Rxh8 Bf8 28. Kd2 g6 29. Kd3 Kg7 30. Rxf8 Kxf8 31. Ke4 Kf7 32. Kd5 h5 33. h3 b5 34. Kd6 a5 35. f3 h4 36. c3 a4 37. b3 a3 38. c4 1-0

[Event "Elit(Rockaden, Stockholm-Wasa)"]
[Site "?"]
[Date "2025.03.07"]
[Round "7"]
[White "Amin, Bassem"]
[Black "Seo, Jung Min"]
[Result "1-0"]
[WhiteElo "2648"]
[BlackElo "2491"]
[PlyCount "117"]
[SourceVersionDate "2025.03.24"]

1. Nf3 Nf6 2. g3 g6 3. Bg2 Bg7 4. O-O O-O 5. d4 d5 6. c4 c6 7. a4 Bf5 8. Qb3 Qb6 9. Qa3 Na6 10. a5 Qb4 11. Bd2 Qxa3 12. Nxa3 Be4 13. Rfc1 Rfd8 14. e3 Rac8 15. Be1 Nd7 16. b4 Nc7 17. cxd5 cxd5 18. b5 e5 19. Nxe5 Nxe5 20. dxe5 Bxe5 21. Bc3 Bxc3 22. Rxc3 Ne6 23. Rac1 Rxc3 24. Rxc3 d4 25. exd4 Bxg2 26. Kxg2 Rxd4 27. Rc8+ Kg7 28. Nc4 Rd5 29. Ra8 Rxb5 30. Rxa7 Nc5 31. Nd6 Rb2 32. a6 bxa6 33. Rxf7+ Kg8 34. Rc7 Nd3 35. Ne4 Rb6 36. f4 h6 37. Kf3 Re6 38. Rc4 a5 39. g4 Kf7 40. Rd4 Nb4 41. f5 gxf5 42. gxf5 Re5 43. Rd7+ Kf8 44. f6 Nd5 45. Nd6 Nxf6 46. Rf7+ Kg8 47. Rxf6 Rh5 48. Kg3 a4 49. Rf3 Rg5+ 50. Kf4 Rh5 51. h3 Rh4+ 52. Kf5 Rb4 53. Rc3 Rb6 54. Ne4 Kf7 55. Rc7+ Ke8 56. Ra7 Rb3 57. h4 a3 58. h5 Kd8 59. Nd6 1-0

[Event "Elit(Kungstornet-Limhamn)"]
[Site "?"]
[Date "2025.03.07"]
[Round "7"]
[White "Domingo Nunez, Ruben"]
[Black "von Bahr, Oskar"]
[Result "1-0"]
[WhiteElo "2426"]
[BlackElo "2363"]
[PlyCount "97"]
[SourceVersionDate "2025.03.25"]

1. e4 e5 2. Nf3 Nc6 3. Bc4 Bc5 4. c3 Nf6 5. d3 d6 6. O-O O-O 7. h3 a5 8. Re1 Bb6 9. Bb3 Ne7 10. Nbd2 c6 11. Nf1 Ng6 12. Ng3 h6 13. d4 Re8 14. Be3 exd4 15. Bxd4 Be6 16. Bc2 d5 17. exd5 Bxd5 18. Rxe8+ Nxe8 19. Bxg6 fxg6 20. Ne5 Bxd4 21. Qxd4 Bf7 22. Nxf7 Qxd4 23. Nxh6+ gxh6 24. cxd4 Rd8 25. Rd1 Nc7 26. Kf1 Ne6 27. Ne2 g5 28. Ke1 Rd5 29. Rd2 Kf7 30. Rd3 Kg6 31. Kd2 Nf4 32. Nxf4+ gxf4 33. g3 fxg3 34. fxg3 Kg5 35. Ke3 Rd6 36. Rb3 Re6+ 37. Kd3 Re7 38. Rc3 Kg6 39. a4 Rf7 40. Kc4 Rd7 41. Re3 Kf6 42. Re5 Rg7 43. g4 b6 44. Re8 b5+ 45. Kc5 Rd7 46. Kxc6 Rxd4 47. axb5 Rc4+ 48. Kb6 Rc2 49. Ka7 1-0

[Event "Elit(Vaxjö-SS 4 Springare)"]
[Site "?"]
[Date "2025.03.07"]
[Round "7"]
[White "Arman, Deniz"]
[Black "Sivuk, Vitaly"]
[Result "0-1"]
[WhiteElo "2371"]
[BlackElo "2493"]
[PlyCount "86"]
[SourceVersionDate "2025.03.15"]

1. e4 c5 2. Nf3 d6 3. Nc3 a6 4. d4 cxd4 5. Nxd4 Nf6 6. Bd3 e5 7. Nde2 Be7 8. O-O O-O 9. f4 exf4 10. Nxf4 Nc6 11. Kh1 Ne5 12. Be3 Be6 13. Nxe6 fxe6 14. Qe2 Qc7 15. h3 Rae8 16. Bf4 Nfd7 17. Rab1 Bf6 18. Nd1 Ng6 19. Be3 Be5 20. Rxf8+ Rxf8 21. Bc4 Nc5 22. Nf2 Kh8 23. Bd3 Nf4 24. Bxf4 Bxf4 25. Rf1 Qe7 26. Ng4 g6 27. Rf3 h5 28. Qf2 g5 29. Ne3 h4 30. e5 dxe5 31. Ng4 e4 32. Qd4+ Qg7 33. Qxc5 exf3 34. gxf3 Bb8 35. Qe3 Qf7 36. Be4 Qe7 37. Qd4+ e5 38. Qb6 Bd6 39. c3 Qc7 40. Qb3 Bc5 41. Bd5 e4 42. c4 Rxf3 43. Qc2 Rf1+ 0-1

[Event "Elit(Rockaden, Stockholm-Wasa)"]
[Site "?"]
[Date "2025.03.07"]
[Round "7"]
[White "Neiksans, Arturs"]
[Black "Meshkovs, Nikita"]
[Result "1-0"]
[WhiteElo "2566"]
[BlackElo "2537"]
[PlyCount "201"]
[SourceVersionDate "2025.03.24"]

1. e4 e5 2. Nf3 Nc6 3. Bc4 Bc5 4. O-O Nf6 5. d3 O-O 6. Nbd2 d6 7. c3 a5 8. Re1 Ng4 9. Re2 Kh8 10. Nf1 f5 11. Bg5 Qd7 12. h3 Nf6 13. Bxf6 gxf6 14. exf5 Qxf5 15. d4 Bb6 16. Bd3 Qd7 17. Ng3 d5 18. Bf5 Qg7 19. Bxc8 Raxc8 20. Nf5 Qd7 21. g4 Rg8 22. Kh1 h5 23. Nh2 Qh7 24. Re3 Rce8 25. Qe2 Ne7 26. Nxe7 Rxe7 27. Qf3 Rf7 28. Qxd5 hxg4 29. Rg1 Rfg7 30. Rxg4 c6 31. Qd6 exd4 32. cxd4 Qb1+ 33. Kg2 Qf5 34. Rf3 Qe4 35. Qxf6 Bxd4 36. Qh4+ Qh7 37. Qxh7+ Kxh7 38. b3 Re8 39. Rd3 c5 40. Nf3 Re2 41. Nxd4 cxd4 42. Rxg7+ Kxg7 43. a4 b5 44. Kf3 Re1 45. Kf4 Kf6 46. f3 Re2 47. h4 Re1 48. h5 bxa4 49. bxa4 Rh1 50. Ke4 Rxh5 51. Rxd4 Ke6 52. Rc4 Re5+ 53. Kd3 Rd5+ 54. Rd4 Rc5 55. Rh4 Rf5 56. Ke3 Rc5 57. Rh6+ Ke7 58. Rh4 Rc3+ 59. Kf2 Ra3 60. Kg3 Ra1 61. Rc4 Ke6 62. Kf4 Rh1 63. Kg5 Rg1+ 64. Rg4 Rb1 65. Re4+ Kd6 66. f4 Rb4 67. Kf5 Rb8 68. Re5 Rh8 69. Ke4 Ra8 70. f5 Rh8 71. Rd5+ Ke7 72. Rxa5 Rh1 73. Ra7+ Kf6 74. Ra6+ Kf7 75. Kd5 Rf1 76. Ke4 Re1+ 77. Kd3 Rf1 78. Ra5 Rf4 79. Ke3 Rh4 80. Ra6 Rb4 81. a5 Ra4 82. Kf3 Ra1 83. Kg4 Ra2 84. Kg5 Rg2+ 85. Kf4 Ra2 86. Ke5 Re2+ 87. Kd6 Ra2 88. Kc5 Rc2+ 89. Kb4 Rb2+ 90. Kc3 Rb5 91. Ra7+ Kg8 92. a6 Rb6 93. Kd4 Kf8 94. Ke5 Rc6 95. Kf4 Kg8 96. Kg5 Kf8 97. f6 Rc1 98. Rb7 Ra1 99. a7 Ra5+ 100. Kg6 Rxa7 101. Rb8# 1-0

[Event "Elit(Kungstornet-Limhamn)"]
[Site "?"]
[Date "2025.03.07"]
[Round "7"]
[White "Lyrberg, Patrik"]
[Black "Lindgren, Philip"]
[Result "1-0"]
[WhiteElo "2439"]
[BlackElo "2386"]
[PlyCount "73"]
[SourceVersionDate "2025.03.25"]

1. Nf3 d5 2. g3 Nd7 3. d4 Nb6 4. Bg2 Bf5 5. b3 e6 6. c4 Nf6 7. O-O Be7 8. Nbd2 O-O 9. Nh4 c6 10. Nxf5 exf5 11. Bb2 h5 12. Qc2 g6 13. Nf3 Ne4 14. Rac1 h4 15. Ne5 hxg3 16. hxg3 Bg5 17. e3 Kg7 18. Rfe1 f6 19. Nd3 Rf7 20. a4 a5 21. Nc5 Qh8 22. cxd5 cxd5 23. Qe2 Re8 24. Nxe4 fxe4 25. Qb5 Re6 26. Bc3 Rd6 27. Bxa5 Nc8 28. Rc7 Ne7 29. Qxb7 f5 30. Bb4 Re6 31. a5 Bf6 32. a6 f4 33. exf4 Bxd4 34. Rxe7 Rexe7 35. Bxe7 Qh5 36. a7 g5 37. Qxd5 1-0

[Event "Elit(Vaxjö-SS 4 Springare)"]
[Site "?"]
[Date "2025.03.07"]
[Round "7"]
[White "Peng, Li Min"]
[Black "Sumets, Andrey"]
[Result "1/2-1/2"]
[WhiteElo "2518"]
[BlackElo "2511"]
[PlyCount "38"]
[SourceVersionDate "2025.03.15"]

1. d4 Nf6 2. c4 e6 3. Nc3 Bb4 4. Qc2 O-O 5. e4 d6 6. e5 dxe5 7. dxe5 Ng4 8. Nf3 Nc6 9. Bf4 Nd4 10. Qe4 Bc5 11. Rd1 f5 12. exf6 Nxf2 13. Kxf2 Nxf3+ 14. Kxf3 Qxf6 15. Bd3 Qh6 16. Kg3 Bf2+ 17. Kf3 Bc5 18. Kg3 Bf2+ 19. Kf3 Bc5 1/2-1/2

[Event "Elit(Rockaden, Stockholm-Wasa)"]
[Site "?"]
[Date "2025.03.07"]
[Round "7"]
[White "Berg, Emanuel"]
[Black "Hammer, Jon Ludvig"]
[Result "1/2-1/2"]
[WhiteElo "2502"]
[BlackElo "2603"]
[PlyCount "84"]
[SourceVersionDate "2025.03.24"]

1. e4 c6 2. d4 d5 3. Nc3 dxe4 4. Nxe4 Nf6 5. Nxf6+ exf6 6. Be2 Bd6 7. Bf3 O-O 8. Ne2 Qc7 9. h3 Rd8 10. Be3 Nd7 11. Qd2 a5 12. O-O Bh2+ 13. Kh1 Ne5 14. Be4 f5 15. Bd3 Nxd3 16. Qxd3 Bd6 17. Qd2 b5 18. Bf4 Bxf4 19. Nxf4 c5 20. d5 Qd6 21. Rfe1 Bb7 22. b3 h6 23. c4 bxc4 24. bxc4 Ba6 25. Rac1 Re8 26. Nd3 Re4 27. Qxa5 Rc8 28. Rxe4 fxe4 29. Nb2 Rb8 30. Na4 Bxc4 31. Qxc5 Qxc5 32. Nxc5 Bxd5 33. Rd1 e3 34. fxe3 Bxa2 35. Rd2 Bb1 36. Kg1 Rc8 37. Nb3 Rc3 38. Rb2 Be4 39. Kh2 h5 40. Nd2 Bg6 41. Nf3 f6 42. Nd4 Kh7 1/2-1/2

[Event "Elit(Kungstornet-Limhamn)"]
[Site "?"]
[Date "2025.03.07"]
[Round "7"]
[White "Johansson, Linus"]
[Black "Cicak, Slavko"]
[Result "0-1"]
[WhiteElo "2404"]
[BlackElo "2489"]
[PlyCount "88"]
[SourceVersionDate "2025.03.25"]

1. d4 Nf6 2. c4 g6 3. Nc3 Bg7 4. e4 O-O 5. Be3 Nc6 6. d5 Nb4 7. a3 Na6 8. Bd3 d6 9. Nge2 Ng4 10. Bg5 h6 11. Bh4 Ne5 12. f4 Nxd3+ 13. Qxd3 Nc5 14. Qe3 f5 15. e5 Nb3 16. Rd1 dxe5 17. O-O exf4 18. Nxf4 g5 19. Ne6 Bxe6 20. Qxe6+ Kh7 21. Bf2 Qd6 22. Qe2 Bxc3 23. bxc3 Nc5 24. Bd4 Ne4 25. Rd3 e5 26. dxe6 Qxe6 27. Re3 Rae8 28. Re1 g4 29. c5 b6 30. c4 Qc6 31. cxb6 axb6 32. Qc2 Rf7 33. Rd1 f4 34. Ree1 Qg6 35. Bf2 c5 36. Rd5 f3 37. Red1 Nxf2 38. Qxg6+ Kxg6 39. Rd6+ Rf6 40. Kxf2 Re2+ 41. Kf1 Rxg2 42. Rd8 Kh5 43. Re1 Rxh2 44. Re4 Kh4 0-1

[Event "Elit(Vaxjö-SS 4 Springare)"]
[Site "?"]
[Date "2025.03.07"]
[Round "7"]
[White "Hillarp-Persson, Tiger"]
[Black "Seiger, Vidar"]
[Result "1-0"]
[WhiteElo "2468"]
[BlackElo "2164"]
[PlyCount "147"]
[SourceVersionDate "2025.03.15"]

1. c4 Nf6 2. Nc3 g6 3. e4 c5 4. Nge2 Nc6 5. g3 Bg7 6. Bg2 O-O 7. d3 d6 8. O-O Ne8 9. Be3 Bg4 10. f3 Bd7 11. Rf2 Nc7 12. d4 cxd4 13. Nxd4 Ne6 14. Nde2 a6 15. f4 Rb8 16. Rc1 b5 17. cxb5 axb5 18. Nd5 Re8 19. b3 b4 20. Rc4 Nc5 21. Qd2 e6 22. Nxb4 Nxb4 23. Rxb4 Rxb4 24. Qxb4 Nd3 25. Qxd6 Nxf2 26. Kxf2 Bb5 27. Qxd8 Rxd8 28. e5 Rc8 29. Nd4 Bd3 30. Nc6 Bf8 31. a4 Bc2 32. a5 Bxb3 33. a6 Bd5 34. Bxd5 exd5 35. a7 Ra8 36. Ke2 Ba3 37. Kd3 Kf8 38. Kd4 Ke8 39. Kxd5 Kd7 40. Nb8+ Kc7 41. e6 fxe6+ 42. Kxe6 Kb7 43. g4 Bc1 44. Bxc1 Rxa7 45. Nd7 Ra1 46. Bb2 Ra2 47. Be5 Rxh2 48. f5 gxf5 49. Bxh2 fxg4 50. Nf6 Kc6 51. Nxh7 Kc5 52. Nf6 g3 53. Bxg3 Kd4 54. Bf4 Kc4 55. Ne4 Kd4 56. Nf2 Kc4 57. Be3 Kb4 58. Kd5 Kb5 59. Nd3 Ka6 60. Kc6 Ka5 61. Bd4 Ka4 62. Kc5 Kb3 63. Nb4 Ka4 64. Kc4 Ka5 65. Bf2 Ka4 66. Bb6 Ka3 67. Nd3 Ka2 68. Bc5 Kb1 69. Kb3 Ka1 70. Nb2 Kb1 71. Be3 Ka1 72. Nc4 Kb1 73. Na3+ Ka1 74. Bd4# 1-0

[Event "Elit(Rockaden, Stockholm-Wasa)"]
[Site "?"]
[Date "2025.03.07"]
[Round "7"]
[White "Trost, Edvin"]
[Black "Ostlund, Joar"]
[Result "1-0"]
[WhiteElo "2443"]
[BlackElo "2324"]
[PlyCount "63"]
[SourceVersionDate "2025.03.24"]

1. d4 Nf6 2. c4 e6 3. Nf3 b6 4. Nc3 Bb7 5. e3 Bb4 6. Bd3 O-O 7. O-O d5 8. cxd5 exd5 9. Ne5 Bd6 10. f4 c5 11. g4 Na6 12. Qf3 Nb4 13. Bb1 g6 14. g5 cxd4 15. exd4 Ne4 16. Ng4 f5 17. gxf6 Nxf6 18. f5 gxf5 19. Qxf5 Ne4 20. Qe6+ Kh8 21. Rxf8+ Bxf8 22. Ne5 Qe7 23. Nf7+ Kg7 24. Qg4+ Kxf7 25. Bxe4 dxe4 26. Bg5 Qd6 27. Rf1+ Ke8 28. Nb5 Qc6 29. Nc7+ Qxc7 30. Qe6+ Be7 31. Qf7+ Kd8 32. Qf8+ 1-0

[Event "Elit(Kungstornet-Limhamn)"]
[Site "?"]
[Date "2025.03.07"]
[Round "7"]
[White "Aronsson, Marten"]
[Black "Jepson, Christian"]
[Result "1/2-1/2"]
[WhiteElo "2313"]
[BlackElo "2404"]
[PlyCount "69"]
[SourceVersionDate "2025.03.25"]

1. Nf3 Nf6 2. g3 d5 3. Bg2 e6 4. O-O Be7 5. d4 O-O 6. c4 a5 7. Nc3 c6 8. Qb3 dxc4 9. Qxc4 b5 10. Qd3 Ba6 11. Qc2 Nbd7 12. Rd1 Rc8 13. Ne5 Nd5 14. Nxd7 Qxd7 15. e4 Nxc3 16. bxc3 c5 17. d5 e5 18. Be3 Bd6 19. Qe2 a4 20. Qh5 Rb8 21. f4 Qe7 22. fxe5 Bxe5 23. Bf4 Bxc3 24. Rac1 Bd4+ 25. Rxd4 cxd4 26. Bxb8 Rxb8 27. e5 Qa3 28. Rc6 Qe3+ 29. Kf1 Rc8 30. Rxc8+ Bxc8 31. e6 Qd3+ 32. Kg1 Qe3+ 33. Kf1 Qd3+ 34. Kg1 Qe3+ 35. Kf1 1/2-1/2

[Event "Elit(Vaxjö-SS 4 Springare)"]
[Site "?"]
[Date "2025.03.07"]
[Round "7"]
[White "Poley, Vladimir"]
[Black "Lindberg, Bengt"]
[Result "1/2-1/2"]
[WhiteElo "2271"]
[BlackElo "2343"]
[PlyCount "227"]
[SourceVersionDate "2025.03.15"]

1. Nf3 Nf6 2. g3 d5 3. Bg2 e6 4. O-O Be7 5. b3 O-O 6. Bb2 c5 7. d4 Nc6 8. Nbd2 Bd7 9. c4 Nxd4 10. Nxd4 cxd4 11. Bxd4 Bc6 12. e3 a5 13. a3 Rc8 14. Qb1 a4 15. cxd5 Bxd5 16. Rd1 Bxg2 17. Kxg2 Qd5+ 18. Nf3 Qxb3 19. Qxb3 axb3 20. Rd3 Ne4 21. Rxb3 Rc2 22. Rb2 Rfc8 23. Raa2 Rxb2 24. Rxb2 Bxa3 25. Rxb7 f6 26. Ne1 e5 27. Bb2 Bf8 28. f4 Nd6 29. Rb3 exf4 30. exf4 Re8 31. Kf1 Ne4 32. Bc1 Rc8 33. Be3 Ra8 34. Ke2 Ra2+ 35. Kf3 f5 36. Rb5 g6 37. h3 Ra3 38. g4 Nd2+ 39. Ke2 Nc4 40. Bd4 Rxh3 41. gxf5 Rh5 42. Nf3 Nd6 43. Rb8 Rxf5 44. Ng5 Rb5 45. Ra8 Nf5 46. Be5 Rb6 47. Nxh7 Kxh7 48. Rxf8 g5 49. Rxf5 gxf4 50. Kf3 Rg6 51. Rf8 Rg8 52. Rf7+ Kg6 53. Rf6+ Kh7 54. Kxf4 Rg1 55. Kf5 Rf1+ 56. Bf4 Kg7 57. Rb6 Rf2 58. Rb7+ Kf8 59. Ke5 Rf1 60. Bg5 Re1+ 61. Kf6 Rf1+ 62. Kg6 Re1 63. Rd7 Re2 64. Rd4 Re1 65. Bf6 Rg1+ 66. Kf5 Re1 67. Rd3 Re2 68. Bh4 Kf7 69. Bg3 Ke7 70. Rb3 Kd7 71. Rc3 Kd8 72. Be5 Kd7 73. Rc7+ Kd8 74. Rb7 Kc8 75. Rc7+ Kd8 76. Ra7 Kc8 77. Ke6 Rc2 78. Bd6 Rc1 79. Rf7 Rc2 80. Bf4 Rc6+ 81. Kd5 Rc3 82. Bd6 Rc1 83. Bb4 Kd8 84. Ke6 Rd1 85. Bd6 Kc8 86. Rc7+ Kd8 87. Rb7 Rc1 88. Rb8+ Rc8 89. Rb1 Rc2 90. Be5 Rc6+ 91. Bd6 Rc2 92. Rh1 Kc8 93. Rh8+ Kb7 94. Rb8+ Ka7 95. Rb1 Ka6 96. Kd5 Ka5 97. Bc5 Rh2 98. Kc4 Rh4+ 99. Bd4 Ka6 100. Rb6+ Ka5 101. Rb7 Rh6 102. Rf7 Rg6 103. Be3 Rc6+ 104. Bc5 Rh6 105. Rg7 Rf6 106. Rg5 Ka6 107. Rg7 Ka5 108. Ra7+ Ra6 109. Rb7 Rh6 110. Rb5+ Ka6 111. Bd4 Rc6+ 112. Kb4 Rh6 113. Ra5+ Kb7 114. Ra7+ 1/2-1/2

[Event "Elit(Rockaden, Stockholm-Wasa)"]
[Site "?"]
[Date "2025.03.07"]
[Round "7"]
[White "Cramling, Pia"]
[Black "Sorensen, Hampus"]
[Result "1/2-1/2"]
[WhiteElo "2416"]
[BlackElo "2424"]
[PlyCount "69"]
[SourceVersionDate "2025.03.24"]

1. d4 Nf6 2. c4 e6 3. Nf3 d5 4. Nc3 Bb4 5. Bg5 h6 6. Bxf6 Qxf6 7. e3 O-O 8. Rc1 Nc6 9. a3 Bxc3+ 10. Rxc3 dxc4 11. Bxc4 e5 12. dxe5 Nxe5 13. Nxe5 Qxe5 14. O-O c6 15. f4 Qf6 16. e4 Rd8 17. Qe2 Be6 18. Bd3 Qd4+ 19. Kh1 f6 20. Rd1 Kh8 21. Bc2 Qb6 22. Rcd3 Rxd3 23. Qxd3 Bg8 24. h3 c5 25. Qc3 c4 26. e5 fxe5 27. fxe5 Rd8 28. Rxd8 Qxd8 29. Qe3 Qe7 30. Qxa7 Qxe5 31. Qxb7 Qe1+ 32. Kh2 Qe5+ 33. Kh1 Qe1+ 34. Kh2 Qe5+ 35. Kh1 1/2-1/2